Listas de fauna de importancia para la conservación en Centroamérica y México : (Registro nro. 1487)

Detalles MARC
000 -CABECERA
Campo de control 01051cam a22002654a 4500
005 - FECHA Y HORA DE LA ULTIMA TRANSACCION
Campo de control 20160109060341.0
008 - ELEMENTOS DE LONGITUD FIJA—INFORMACION GENERAL
Campo de control 001004s1999 cr b i000 0 spa
020 ## - ISBN
ISBN 996882500X
040 ## - FUENTE DE CATALOGACIÓN
Agencia catalogadora original DLC
Agencia transcriptora DLC
Agencia Modificadora DLC
-- CO-BOIAvH
041 ## - IDIOMA
Código de idioma para texto/pista de sonido o título separado Español
044 ## - PAÍS DE PUBLICACIÓN
País de publicación Costa Rica
082 00 - NUMERO DE CLASIFICACION DECIMAL DEWEY
Número de clasificación 333.95420972
Número del ítem F26l
245 00 - MENCION DE TITULO
Título Listas de fauna de importancia para la conservación en Centroamérica y México :
246 ## - FORMA VARIANTE DEL TITULO
Título propiamente dicho/forma breve del título Lista de fauna de importancia par ala conservación en Centroamérica y Mexico:
Parte restante del título listas rojas, listas oficiales y especies en apéndices CITES /
260 ## - PUBLICACION, DISTRIBUCION, ETC. (PIE DE IMPRENTA)
Lugar de publicación, distribución, etc. Costa Rica:
Nombre del editor, distribuidor, etc. UICN :
-- WWF,
Fecha de publicación, distribución, etc. 1999.
300 ## - DESCRIPCION FISICA
Extensión 224 p. ;
Dimensiones 28 cm.
504 ## - NOTA DE BIBLIOGRAFIA, ETC.
Nota de bibliografía Incluye referencias bibliográficas (p. 223-224).
650 #0 - ASIENTO SECUNDARIO DE MATERIA - TERMINO TEMATICO
Término temático o nombre geográfico como elemento de entrada Endangered species
Subdivisión geográfica Centroamérica
9 (RLIN) 48984
650 #0 - ASIENTO SECUNDARIO DE MATERIA - TERMINO TEMATICO
Término temático o nombre geográfico como elemento de entrada Rare animals
Subdivisión geográfica Centroamérica
9 (RLIN) 48985
650 #0 - ASIENTO SECUNDARIO DE MATERIA - TERMINO TEMATICO
Término temático o nombre geográfico como elemento de entrada Endangered species
Subdivisión geográfica Mexico.
9 (RLIN) 48986
650 #0 - ASIENTO SECUNDARIO DE MATERIA - TERMINO TEMATICO
Término temático o nombre geográfico como elemento de entrada Rare animals
Subdivisión geográfica Mexico.
9 (RLIN) 48987
651 #0 - ASIENTO SECUNDARIO DE MATERIA - NOMBRE GEOGRAFICO
Nombre geográfico Especie en peligro
Subdivisión geográfica Centroamérica
9 (RLIN) 48988
710 2# - ASIENTO SECUNDARIO - NOMBRE CORPORATIVO
Nombre corporativo o de jurisdicción como elemento de entrada Comisión Centroamericana de Ambiente y Desarrollo.
9 (RLIN) 48989
942 ## - ELEMENTOS ADICIONALES (KOHA)
Sistema de clasificación Dewey Decimal Classification
Tipo de ítem Libro
Existencias
Withdrawn status Lost status Sistema de Clasificación Damaged status No para préstamo Colección Inventariado Ubicación Permanente Ubicación actual Fecha de adquisición Fuente de Valor Valor Total Checkouts Número topográfico Inventario / Código de Barras Date last seen Ejemplar Price effective from Forma de adquisición Tipo de material
    Dewey Decimal Classification     General Inventariado 2017 Bogotá Bogotá 09/09/1999 Franco, Ana María 39000.00   LB-333.95420972 F26l 002064 04/12/2012 Ej. 1 04/12/2012   Libro
    Dewey Decimal Classification     General Inventariado 2017 Sala Fabio Quevedo Sala Fabio Quevedo 31/07/2001 Franco, Ana María 39000.00   LB-333.95420972 F26l 002065 04/12/2012 Ej. 2 04/12/2012 Donación Libro